000 00549nam a22001817a 4500
999 _c264089
_d264088
003 OSt
005 20240722124249.0
008 240722b xxu||||| |||| 00| 0 eng d
010 _a92081190
020 _a 0307123677
040 _cDLC
050 _aPZ7.S6294
_b Wan 1993
100 _a Slater, Teddy.
245 _aWalt Disney's Lady and the Tramp /
_c adapted by Teddy Slater ; illustrated by Bill Langley and Ron Dias.
260 _aRacine, Wis. :
_bWestern Pub. Co.,
_cc1993.
300 _a1 v. :
_bcol. ill. ;
_c28 cm.
942 _2lcc
_cBK